| 000 | 01044nam a2200289 i 4500 | ||
|---|---|---|---|
| 003 | DO-SdBNP | ||
| 005 | 20260602204045.0 | ||
| 007 | ta | ||
| 008 | 100913s1999 dr g 000 0 spa d | ||
| 040 |
_aDO-SdBNP _bspa _cBNPHU _erda |
||
| 041 | _aspa | ||
| 082 |
_a972.93 _bM516b, 1999 _223 |
||
| 100 | 1 |
_4aut. _a Mejía-Ricart G., Tirso, _d1936-2021 _q(Mejía-Ricart Guzmán) _91569 _eautor |
|
| 245 | 1 | 0 |
_aBreve historia dominicana / _cTirso Mejía-Ricart Guzmán |
| 250 | _a7a. edición | ||
| 264 | 1 |
_aSanto Domingo, República Dominicana : _bAmigo del Hogar, _c1999 |
|
| 300 |
_a59 páginas ; _c23 cm. _e+ partitura |
||
| 336 |
_atexto _btxt _2rdacontent |
||
| 337 |
_asin mediación _bn _2rdamedia |
||
| 338 |
_avolumen _bnc _2rdacarrier |
||
| 500 | _aIncluye datos biográficos del el autor en la solapa de la cubierta. | ||
| 590 | _aInventariado, 2024/ YL | ||
| 651 |
_aRepública Dominicana _v Compendios, sinopsis, etc. _xHistoria _989851 |
||
| 651 |
_aRepública Dominicana _xManuales _989852 |
||
| 910 | _aYLockward | ||
| 942 |
_2ddc _cLBS1 |
||
| 999 |
_c21316 _d21316 |
||